| 000 | 01304cam a2200289 4500 | ||
|---|---|---|---|
| 008 | 000000n2000 000 0 eng u | ||
| 020 | _a011753546X | ||
| 035 | _a(Sirsi) u104792 | ||
| 110 |
_aUnited Kingdom _bDepartment of the Environment, Transport and the Regions _93507 |
||
| 245 |
_aPlanning policy guidance note three _bhousing |
||
| 260 |
_aLondon _bStationery Office _c2000 |
||
| 300 |
_a29p. _c30cm. |
||
| 350 | _a7 | ||
| 490 |
_aPPG _v3 |
||
| 520 | _aGuidance note setting out government policies for decent and affordable housing in both urban and rural areas. Suggests greater use of brownfield land within existing towns and cities to ensure sustainable development and Promotes good quality design to encourage urban regeneration. | ||
| 520 | _aSuperseded by "Planning Policy Statement 3 (PPS3): housing" (ISBN 0117539767). | ||
| 520 | _aSupersedes 1996 edition. | ||
| 650 | _aPPG3 | ||
| 650 | _aHOUSING | ||
| 650 | _aPLANNING POLICY GUIDANCE NOTES | ||
| 650 | _aDEVELOPMENT | ||
| 650 | _aRESIDENTIAL DEVELOPMENT | ||
| 650 |
_aAffordable housing _96215 |
||
| 690 | _aPLANNING LAW AND PRACTICE | ||
| 856 |
_uhttps://www.communities.gov.uk/archived/publications/planningandbuilding/planningpolicyguidance _zView the guidance note at www.communities.gov.uk... |
||
| 942 | _n0 | ||
| 999 |
_c100279 _d100279 |
||